000 00587nam a2200205 a 4500
001 4037189
005 20241118155528.0
008 981117s1999 txua 001 0 eng
020 _a9780030247835
050 0 0 _aQA531
_b.M47 1999
082 0 0 _a516.24
_221
100 1 _aMcKeague, Charles P.
245 1 0 _aTrigonometry /
_cCharles P. McKeague.
250 _a4th ed.
260 _aFort Worth :
_bSaunders College Pub.,
_cc1999.
300 _a1 v. (various pagings) :
_bill. (some col.) ;
_c24 cm.
500 _aIncludes index.
650 0 _aTrigonometry.
942 _2lcc
_cBK
_e4th Ed.
_n0
999 _c1293
_d1293